000 01072nam a2200325 i 4500
003 EG-GICUC
005 20260121101510.0
008 251216s1995 fr ||||fr ||| 00| 0 fre d
017 _a118/1995
020 _a2275003177
040 _aEG-GICUC
_cEG-GICUC
_dEG-GICUC
_erda
_bfre
041 0 _afre
082 0 4 _221
_a341.23
_bYA . R
092 0 4 _221
099 _aLaw1 11 341.23 YA . R 1995
100 1 _aYann Kerbrat
_eAuteur
245 1 2 _aLa Référence Au Chapitre Vii De La Charte Des Nations Unies Dans Les Résolutions À Caractère Humanitaire Du Conseil De Sécurité /
_cYann Kerbrat .
264 0 _aParis :
_bUniversite Pantheon-Assas ,
_c1995 .
300 _a120 Pages;
_c30 cm.
336 _atext
_2rda content
337 _aComputer
_2rda media
338 _aOnline Resource
_2rda carrier
546 _aTexte en français
650 0 4 _aDroit international public
650 0 4 _aLes Nations Unies
700 1 _aMario Bettati
_ePréfacier
856 _uhttps://fll.law.cu.edu.eg/fulltext/th/B11-05225.pdf
905 _a59
942 _2ddc
_cBK
_e21
_n0
999 _c50832
_d50832